00578cam a22001331 4500082001800000100002000018245016600038260004300204300004500247500007000292526003700362526003700399650000800436 a954.0317bMAL1 aMalleson, G. B.00aHistory of the Indian mutiny, 1857-1858.bCommencing from the close of the second volume of Sir John Kaye's History of the Sepoy war.cBy Colonel G. B. Malleson. aLondon,bW.H. Allen and co.,c1878-80. a575 p.bfold. maps, fold. plans.c22 cm. aVol. 1: Contemporaneous with Sir John Kaye's third volume. 2d ed. a0b0c0d954_031700000000000_MAL a0b0c0d954_031700000000000_MAL aMCE